00983nam a2200241 a 450000100060000000300090000600800410001502000150005604000280007108200170009910000230011624500630013926000270020230000100022950501500023965000450038965000420043465000500047665000340052694200120056099900170057295201520058922870CO-ViMGA141112s2004 ck r 000 u spa d a9701510542 aCO-ViMGAbspacCO-ViMGA04a300.72 L384f1 aLevin, Jack93277610aFundamentos de estadìstica en la investigaciòn social aMéxico : bAlfaomega a305p. aRazones por las que l investigador social emplea la estadistica, Organizacion de datos, La toma de decisiones, Analisis de varianza, correlacion14aCIENCIAS SOCIALES - ENSEÑANZAS 93277714aESTADISTICA EN Investigación93277814aInvestigación SOCIAL - METODOLOGIAS 93277914aMETODOLOGIA CIENTIFICA 99176 2ddccBK c31163d31163 01102ddc44708002aMEVIECARbMEVIECARd2015-12-04hVolumen. 1 | 10/nov/2009l0o300.72 L384f p22870r2015-12-04 00:00:00tEj. 1w2015-12-04yBK